000 02525nam a2200313 a 4500
003 CHAP
005 20250207181451.0
007 ta
008 250207s2019 mx a|||fr|||| 001 0 spa d
040 _amxchpua
_cCHAP
_erda
041 _aspa
_bspa
_fspa
_hspa
050 1 0 _aSB379.A4
_b.A38 2019
082 0 0 _220
_a664.80465306
_bA38 2019
100 1 _aAguilar Chávez, Katia
_9190086
245 1 6 _aLos 6 pasos para cumplir con la Norma de Productos Agrícolas Frescos FSMA /
_cKatia Aguilar Chávez
250 _a1a edición
264 _aMéxico :
_bAPEAM,
_c2019
300 _a78 páginas :
_bilustraciones, tablas
336 _2rdacontent
_atexto
_btxt
337 _2rdamedia
_asin medio
_bn
338 _2rdacarrier
_avolumen
_bnc
505 0 _a1. Salud, higiene y capacitación de los trabajadores -- 2. Mejoradores del suelo -- 3. Fauna silvestre, animales domésticos y uso del suelo -- 4. Agua para la producción -- 5. Agua de uso postcosecha -- 6. Manejo postcosecha y saneamiento
520 2 _aLa Norma de inocuidad de los productos agrícolas frescos es parte de la Ley de Modernización de la Inocuidad de los Alimentos (FSMA, por sus siglas en inglés) de la FDA que fue firmada como ley el 4 de enero de 2011 por el Presidente Obama. Esta regulación se enfoca en establecer las primeras normas reglamentarias federales de los estándares para la producción, cosecha y manejo de frutas y verduras, en un esfuerzo por prevenir la contaminación microbiana y reducir las enfermedades transmitidas por los alimentos asociadas con los productos frescos. La norma de seguridad de los productos agrícolas establece, por primera vez, estándares mínimos basados ​​en la ciencia para el cultivo, la cosecha, el empaque y la conservación seguros de frutas y verduras cultivadas para el consumo humano. La norma forma parte de los esfuerzos continuos de la agencia para implementar la Ley de Modernización de la Seguridad Alimentaria de la FDA. La norma final entró en vigencia el 26 de enero de 2016. Esta es una guía para implementar la Norma de Productos Agrícolas Frescos en los huertos de aguacate en base a los requisitos descritos en el Reglamento de Productos Agrícolas Frescos de la Ley FSMA.
650 1 7 _aAguacate
_xCalidad del producto
_xNormas
_2atg
_92540
650 1 3 _aCalidad de la fruta
_xManuales
_xNormas
_9163045
650 1 3 _aAvocados
_xProduct quality
_xStandards
_2atg
_9190087
650 1 3 _aFruit quality
_xManuals, textbooks, etc
_xStandards
_2atg
_9163046
942 _2ddc
_cLIBRO
999 _c220444
_d220444